Welcome to CU Library Online Public Access Catalogue (OPAC)

Religious experience reconsidered (Record no. 9279)

MARC details
000 -LEADER
fixed length control field 00527nam a22001697a 4500
005 - DATE AND TIME OF LATEST TRANSACTION
control field 20260420125328.0
008 - FIXED-LENGTH DATA ELEMENTS--GENERAL INFORMATION
fixed length control field 260420b |||||||| |||| 00| 0 eng d
020 ## - INTERNATIONAL STANDARD BOOK NUMBER
International Standard Book Number 9780691140872
050 ## - LIBRARY OF CONGRESS CALL NUMBER
Classification number BL53
Item number .T39
100 ## - MAIN ENTRY--PERSONAL NAME
Personal name Taves Ann
245 ## - TITLE STATEMENT
Title Religious experience reconsidered
Remainder of title Abuilding block approach to the study of religion and other special things
Statement of responsibility, etc. by Taves Ann
260 ## - PUBLICATION, DISTRIBUTION, ETC.
Place of publication, distribution, etc. Princeton
Name of publisher, distributor, etc. Princeton University press
Date of publication, distribution, etc. c2009
300 ## - PHYSICAL DESCRIPTION
Extent xv,212p
500 ## - GENERAL NOTE
General note Includes index
700 ## - ADDED ENTRY--PERSONAL NAME
Personal name Taves Ann
942 ## - ADDED ENTRY ELEMENTS (KOHA)
Source of classification or shelving scheme Library of Congress Classification
Koha item type Books
Suppress in OPAC No
999 ## -
-- 9279
-- 9279
Holdings
Withdrawn status Lost status Source of classification or shelving scheme Damaged status Not for loan Collection Home library Current library Shelving location Date acquired Total checkouts Full call number Barcode Date last seen Price effective from Koha item type
    Library of Congress Classification     Non-fiction Main Library (Kumasi) Main Library (Kumasi) General stacks 04/20/2026   BL53.T39 TAV bssk00000024 04/20/2026 04/20/2026 Books
© 2023-2024 Copyright: Central University Libraries. All Rights Reserved | Created by: Mahone Tech Office